Les sociétés, la guerre, la paix : 1911-1946 (notice n° 1568127)

détails MARC
000 -LEADER
fixed length control field 01688cam a2200133 4500500
005 - DATE AND TIME OF LATEST TRANSACTION
control field 20251214004016.0
041 ## - LANGUAGE CODE
Language code of text/sound track or separate title fre
042 ## - AUTHENTICATION CODE
Authentication code dc
100 10 - MAIN ENTRY--PERSONAL NAME
Personal name Bock, Fabienne
Relator term author
245 00 - TITLE STATEMENT
Title Les sociétés, la guerre, la paix : 1911-1946
260 ## - PUBLICATION, DISTRIBUTION, ETC.
Name of publisher, distributor, etc. Armand Colin,<br/>
Date of publication, distribution, etc. 2003.<br/>
520 ## - SUMMARY, ETC.
Summary, etc. Ce guide bibliographique raisonné se propose d’aider les candidats aux concours à cerner les principaux aspects d’une question qui englobe les trente-cinq années du 20e siècle pendant lesquelles la guerre a été l’horizon essentiel des sociétés développées. Après avoir défini les grandes lignes d’une réflexion sur cet « âge des catastrophes » selon l’expression d’Eric Hobsbawm, il propose un découpage chronologique la Grande Guerre, les années 1920 et 1930, la Deuxième Guerre mondiale et, à l’intérieur de ces grandes périodes, une approche thématique des rapports qu’entretiennent les sociétés européennes, nord-américaine et japonaise avec la guerre.Sans négliger les grandes lignes d’une histoire événementielle, il met en évidence les problématiques récentes de la recherche historique sur la culture de guerre et la violence qui, née pour partie de la Grande Guerre, atteint aussi à des degrés divers la vie politique des belligérants européens dans l’entre-deux-guerres, pour culminer dans la guerre totale et le génocide des juifs d’Europe lors du second conflit mondial.Résultant d’un choix parmi une abondante bibliographie, ce guide ne peut à l’évidence prétendre à l’exhaustivité.
856 41 - ELECTRONIC LOCATION AND ACCESS
Uniform Resource Identifier <a href="https://shs.cairn.info/les-societes-la-guerre-la-paix--9782200265571?lang=fr&redirect-ssocas=7080">https://shs.cairn.info/les-societes-la-guerre-la-paix--9782200265571?lang=fr&redirect-ssocas=7080</a>

Pas d'exemplaire disponible.

PLUDOC

PLUDOC est la plateforme unique et centralisée de gestion des bibliothèques physiques et numériques de Guinée administré par le CEDUST. Elle est la plus grande base de données de ressources documentaires pour les Étudiants, Enseignants chercheurs et Chercheurs de Guinée.

Adresse

627 919 101/664 919 101

25 boulevard du commerce
Kaloum, Conakry, Guinée

Réseaux sociaux

Powered by Netsen Group @ 2025